Formula One Sebastian Vettel Wins - Statistics

General Stats
  • This quiz has been taken 96 times
    95 since last reset
  • The average score is 50 of 53
Answer Stats
Hint Answer % Correct
2010 Europe
99%
2011 Europe
99%
2008 Italy
99%
2011 Italy
99%
2013 Italy
99%
2011 Spain
99%
2010 Brazil
97%
2013 Brazil
97%
2017 Brazil
97%
2013 Germany
97%
2009 Japan
97%
2010 Japan
97%
2012 Japan
97%
2013 Japan
97%
2011 Australia
96%
2017 Australia
96%
2018 Australia
96%
2011 Singapore
96%
2012 Singapore
96%
2013 Singapore
96%
2015 Singapore
96%
2019 Singapore
96%
2009 United Kingdom
96%
2018 United Kingdom
96%
2013 United States
96%
2011 Belgium
94%
2013 Belgium
94%
2018 Belgium
94%
2013 Canada
94%
2018 Canada
94%
2009 China
94%
2011 India
94%
2012 India
94%
2013 India
94%
2010 Malaysia
94%
2011 Malaysia
94%
2013 Malaysia
94%
2015 Malaysia
94%
2015 Hungary
90%
2017 Hungary
90%
2011 Monaco
90%
2017 Monaco
90%
2009 United Arabic Emirates
90%
2010 United Arabic Emirates
90%
2013 United Arabic Emirates
90%
2012 Bahrain
88%
2013 Bahrain
88%
2017 Bahrain
88%
2018 Bahrain
88%
2011 South Korea
83%
2012 South Korea
83%
2013 South Korea
83%
2011 Turkey
78%
No matching quizzes found
Score Distribution
Percent of People with Each Score
Percentile by Number Answered
Your Score History
You have not taken this quiz since the last reset